000 00289nam a2200121Ia 4500
008 190216s9999||||xx |||||||||||||| ||und||
100 _aYakoob C
245 0 _aFunds Management In Banks And Insurence Companies
260 _bKalyani Pub
300 _a225
650 _aCommerce
942 _cBK
999 _c7287
_d7287